[Event "84th ESP-ch 2019"]
[Site "Marbella"]
[Date "2019.11.20"]
[Round "5.4"]
[White "Salgado Lopez, Ivan"]
[Black "Espinosa Aranda, Angel"]
[Result "1/2-1/2"]
[WhiteElo "2594"]
[BlackElo "2511"]
[Annotator "TA"]
[PlyCount "91"]
[EventDate "2019.11.16"]
[EventType "swiss"]
[EventCountry "ESP"]
[SourceTitle "playchess.com"]
[Source "ChessBase"]
[SourceQuality "1"]

{[%evp 21,91,0,22,11,31,41,47,35,28,44,34,24,58,39,73,50,50,41,40,53,72,66,58,66,76,75,75,78,77,70,70,70,63,67,119,125,134,99,98,116,97,73,72,54,61,64,70,41,47,52,40,23,24,24,24,20,70,44,201,196,158,9,16,16,20,0,0,0,30,0,0,0]} 1. Nf3 d5 2. c4 e6 3. g3 Nf6 4. Bg2 Be7 5. O-O O-O 6. b3 c5 7. Bb2 b6 8. cxd5 Nxd5 9. d4 Bb7 10. dxc5 Bxc5 11. Nbd2 Nc6 12. a3 {D02: 1 d4 d5 2 Nf3 sidelines, including 2...Nf6 3 g3 and 2...Nf6 3 Bf4} Be7 13. e4 (13. b4 Bf6 14. Qb3 a5 15. e4 Nc7 16. Bxf6 Qxf6 17. b5 Ne5 18. Nxe5 Qxe5 19. a4 Rfd8 {1-0 (43) Harikrishna,P (2744)-Le,Q (2737) Huaian 2017}) 13... Nc7 14. Rc1 $146 {White is slightly better.} ({Predecessor:} 14. Qe2 Ba6 15. Nc4 Na5 16. Rfd1 Qe8 17. Qc2 Bxc4 18. bxc4 Rc8 19. Ne5 f6 {½-½ (40) Lombard,A-Jansson,B Skopje 1972}) 14... Rc8 15. Re1 Nb5 16. b4 {[%cal Bb3b4,Bb4b5][%mdl 32]} Ncd4 17. Rxc8 Bxc8 18. a4 (18. Nxd4 {keeps more tension.} Nxd4 19. Nc4 Ba6 20. Bf1 Nc6 21. Qc2) 18... Nxf3+ 19. Nxf3 Qxd1 20. Rxd1 Nc7 21. b5 Rd8 22. Rc1 Ne8 23. e5 Bb7 24. Nd4 Bxg2 25. Kxg2 Bc5 26. Nb3 Be7 27. Rc2 f6 (27... Rd7 $14) 28. Nd4 $16 Kf7 29. f4 Bc5 30. Nc6 Rd7 31. Kf3 Nc7 32. Nxa7 Rd3+ 33. Ke2 Re3+ 34. Kd2 {[#] Strongly threatening Rxc5!} Nd5 {Threatens to win with ...Bb4+.} 35. Nc6 $36 {[%mdl 2048] Black must now prevent a5. Black is under pressure.} Rf3 36. Bd4 (36. Nd4 {looks sharper.} Rf1 37. exf6 gxf6 38. Ke2 Rg1 39. Nc6) 36... Bxd4 37. Nxd4 $11 {[%mdl 4096] Endgame KRN-KRN} Ra3 38. Rc4 h5 39. Nc2 Rf3 $2 {[#]} (39... Rb3 $14) 40. Nb4 $1 $18 fxe5 41. Nd3 (41. Nxd5 $16 exd5 42. Rc7+ Kf6 43. Rc6+ Kf5 44. Rxb6) 41... Ke7 42. fxe5 g5 $1 43. Ke2 Re3+ 44. Kd2 Rf3 $1 45. Ke2 Re3+ 46. Kd2 {Accuracy: White = 66%, Black = 60%.} 1/2-1/2

[Event "84th ESP-ch 2019"]
[Site "Marbella"]
[Date "2019.11.20"]
[Round "5.5"]
[White "Garcia Ramos, Daniel"]
[Black "Santos Ruiz, Miguel"]
[Result "0-1"]
[WhiteElo "2350"]
[BlackElo "2583"]
[Annotator "TA"]
[PlyCount "104"]
[EventDate "2019.11.16"]
[EventType "swiss"]
[EventCountry "ESP"]
[SourceTitle "playchess.com"]
[Source "ChessBase"]
[SourceQuality "1"]

{[%evp 17,104,6,6,6,3,4,6,4,6,10,6,8,17,4,6,7,21,-12,-15,-15,-9,-16,-14,-12,-10,-18,-21,-30,-24,-30,-25,-26,-28,-30,-20,-95,-89,-89,-87,-96,-93,-81,-79,-158,-147,-158,-157,-132,-120,-180,-168,-214,-149,-177,-94,-168,-154,-1254,-1290,-1155,-1121,-1116,-899,-1160,-1007,-1008,-927,-975,-346,-908,-791,-6295,-6252,-6420,-6009,-2805,-1678,-1172,-410,-29964,-29959,-29959,-29939,-29961,-29951,-12795,-11104,-5173,-5097]} 1. e4 e5 2. Nf3 Nc6 3. Bb5 a6 4. Ba4 Nf6 5. O-O b5 6. Bb3 Bc5 7. Nxe5 Nxe5 8. d4 Bxd4 9. Qxd4 d6 {Hoping for ...c5.} 10. Qe3 {C78: Ruy Lopez: Archangelsk and Möller Defences} (10. a4 Rb8 11. Bf4 O-O 12. Nc3 c5 13. Qe3 c4 14. Ba2 b4 15. Ne2 Be6 16. f3 b3 17. Bb1 h6 {½-½ (74) Kulaots,K (2579)-Narayanan,S (2532) Stockholm 2018}) 10... O-O 11. Nc3 Bb7 12. f3 {The position is equal.} c5 $146 {Strongly threatening ...c4.} ({Predecessor:} 12... Re8 13. Qf2 h6 14. Bf4 Ng6 15. Bg3 Qb8 16. Rad1 Nh5 17. Rfe1 Nxg3 18. Qxg3 {1-0 (33) Saric,K-Todorovic,A Medulin 1997}) 13. a3 Re8 14. Rd1 h6 15. Qf2 c4 16. Ba2 Qe7 17. Be3 d5 {[%cal Rd5e4]} 18. Bc5 Qe6 {[%cal Rd5e4]} 19. exd5 Nxd5 20. Nxd5 Bxd5 21. Re1 {f4 is the strong threat.} Qf5 22. Re3 Re6 23. Bd4 Rae8 24. Bxe5 Rxe5 25. Rxe5 Rxe5 26. Re1 (26. c3 $11) 26... Be6 27. Rxe5 Qxe5 28. c3 Bf5 29. Qd2 Bd3 30. g3 (30. h3 $142) 30... Qf5 $36 {[%mdl 2048] Keeping White busy.} 31. Kg2 g5 $1 32. h3 Qd5 {And now ...Bf1+! would win.} 33. Kf2 (33. Qe3 $17) 33... a5 {[%cal Ba6a5,Ba5a4][%mdl 32]} 34. Qe3 a4 35. h4 Bg6 (35... gxh4 $19 36. gxh4 Qd6 37. Qe8+ Kg7 38. Qxb5 Qh2+ 39. Ke3 Qxh4 40. Qe5+ Kg6) 36. hxg5 (36. h5 $17 {keeps fighting.} Bxh5 37. Bb1) 36... hxg5 $19 37. Qd4 $2 (37. Qe2 $17) 37... Qxd4+ 38. cxd4 {[%mdl 4096] Endgame KB-KB} Kf8 39. Ke3 Ke7 40. Kd2 Kd6 41. Kc3 Bd3 42. Kb4 Kc6 $2 (42... f5 43. Ka5 f4 44. gxf4 gxf4) 43. Ka5 $2 (43. g4) 43... f6 44. f4 {[#]} g4 $1 45. Kb4 f5 46. Ka5 Kd5 47. Kxb5 Kxd4 {Threatens to win with ...c3+.} 48. Kxa4 (48. Kb4 $19) 48... Ke3 49. Kb4 Kf2 50. Bxc4 {[#]} Be4 $1 ({And not} 50... Bxc4 51. Kxc4 Kxg3 52. b4 $11) 51. a4 Kxg3 52. a5 Kf2 {Accuracy: White = 38%, Black = 91%.} 0-1

[Event "84th ESP-ch 2019"]
[Site "Marbella"]
[Date "2019.11.20"]
[Round "5.6"]
[White "Ibarra Jerez, Jose Carlos"]
[Black "Asis Gargatagli, Hipolito"]
[Result "1/2-1/2"]
[WhiteElo "2540"]
[BlackElo "2497"]
[Annotator "TA"]
[PlyCount "49"]
[EventDate "2019.11.16"]
[EventType "swiss"]
[EventCountry "ESP"]
[SourceTitle "playchess.com"]
[Source "ChessBase"]
[SourceQuality "1"]

{[%evp 10,49,22,20,43,16,16,18,28,34,31,17,58,0,0,0,0,0,20,-31,-36,-35,-34,-33,-29,-38,181,0,0,0,0,0,0,0,0,0,0,0,0,0,0,0]} 1. e4 c6 2. Nc3 d5 3. Nf3 dxe4 4. Nxe4 Nf6 5. Qe2 Nxe4 6. Qxe4 Nd7 {[%cal Bb8d7,Bd7f6,Bf6d5,Bd5f4,Bf4d3][%mdl 32] B11: Caro-Kann: Two Knights Variation} (6... Qa5 7. Qh4 Nd7 8. Bc4 Ne5 9. Be2 Nxf3+ 10. Bxf3 Bf5 11. O-O Bxc2 12. d4 e6 13. Qg3 Bg6 14. h4 {1-0 (48) Wei,Y (2721)-Vachier Lagrave,M (2774) chess.com INT 2019}) 7. Bc4 Nf6 8. Ne5 {[%csl Ge5][%cal Rc4f7] [#]} e6 9. Qe2 b5 10. Bd3 ({Much worse is} 10. Nxc6 Qc7 $15) 10... Qc7 11. b3 (11. a4 $1 $14) 11... Bd6 $146 ({Predecessor:} 11... Bb7 12. Bb2 Bd6 13. O-O O-O 14. Rae1 {1-0 (24) Hansen,T (2406)-Kumar,N (2274) Reykjavik 2017}) 12. Bb2 $36 {[%mdl 2048] White is more active.} Nd5 13. O-O O-O (13... Nf4 $5 {[%cal Rf4e2]} 14. Qe3 Nxd3 15. Nxd3 O-O $11) 14. c4 ({White should try} 14. f4 $11) 14... Nf4 $15 15. Qe3 $1 {[%cal Re3f4]} Nxd3 16. Nxd3 bxc4 17. bxc4 Bxh2+ 18. Kh1 Bd6 $1 {[#]The position is equal.} 19. Bxg7 $1 {[%mdl 512]} Kxg7 20. Qg5+ Kh8 {Hoping for ...f6.} 21. Qf6+ Kg8 {Strongly threatening ...Qd8.} 22. Qg5+ Kh8 {And now ...f6 would win.} 23. Qf6+ Kg8 {Threatens to win with ...Qd8.} 24. Qg5+ Kh8 {White must now prevent ...f6.} 25. Qf6+ {Accuracy: White = 79%, Black = 49%.} 1/2-1/2

[Event "84th ESP-ch 2019"]
[Site "Marbella"]
[Date "2019.11.20"]
[Round "5.7"]
[White "Calzetta Ruiz, Monica"]
[Black "Cuenca Jimenez, Jose Fernando"]
[Result "0-1"]
[WhiteElo "2251"]
[BlackElo "2523"]
[Annotator "TA"]
[PlyCount "88"]
[EventDate "2019.11.16"]
[EventType "swiss"]
[EventCountry "ESP"]
[SourceTitle "playchess.com"]
[Source "ChessBase"]
[SourceQuality "1"]

{[%evp 12,88,5,2,6,8,16,3,30,6,15,0,0,7,11,0,11,-15,9,-31,-27,-62,-56,-65,-52,-63,-49,-51,-63,-46,-43,-56,-57,-67,25,34,59,44,56,17,129,120,165,107,139,121,123,85,112,126,132,47,136,140,131,39,60,0,0,-15,-16,-317,-326,-723,-728,-695,-712,-804,-809,-792,-782,-972,-959,-1216,-1215,-1308,-1214,-1118,-903]} 1. e4 e5 2. Nf3 Nc6 3. Bb5 a6 4. Ba4 Nf6 5. d3 b5 6. Bb3 Bc5 7. Nc3 d6 {C77: Ruy Lopez: 3...a6 4 Ba4 Nf6, unusual lines} 8. Nd5 h6 9. c3 Rb8 {The position is equal.} 10. O-O O-O 11. Re1 Ba7 12. Be3 Bxe3 13. Nxe3 Re8 {[#]} 14. Nh4 $146 ({Predecessor:} 14. a4 b4 15. a5 bxc3 16. bxc3 {½-½ (66) Anand,V (2783)-Carlsen,M (2822) Saint Louis 2017}) 14... Na5 15. Bc2 Nxe4 16. Nhf5 Nf6 17. b4 Nc6 18. Qf3 d5 19. Qg3 {[%csl Gf5][%cal Rg3g7]} g6 20. Nxh6+ Kg7 $1 {[%cal Rg7h6]} 21. Nef5+ {[%cal Be3f5,Bf5h4,Bh4f3][%mdl 32]} Kf8 22. Nh4 Nh5 (22... Be6 $15 23. d4 e4) 23. Nxf7 $1 $11 Qf6 24. Ng5 $1 {[%cal Rg5h7] Threatens to win with Nh7+.} Kg7 $1 25. Qe3 {g3 is the strong threat.} Bd7 (25... Nf4 $11 {remains equal.} 26. Nhf3 Bg4) 26. Nhf3 $16 Re7 27. a4 (27. g3 $18) 27... Rbe8 28. axb5 axb5 29. Qc5 Nf4 30. Ra6 Qd6 {[#]} 31. g3 (31. Qxd6 $1 $16 cxd6 32. g3) 31... Nh5 (31... Qxc5 $14 32. bxc5 Ne6) 32. d4 Qxc5 33. dxc5 ({Better is} 33. bxc5 $16 {And now Nxe5 would win.} e4 34. Nh4) 33... Nf6 $1 $14 34. h4 (34. Rb1 $14) 34... d4 $1 $11 {[%cal Rd4c3]} 35. Ne4 {aiming for Nxf6.} Nd5 36. Bd3 $2 {[%mdl 8192]} (36. Ra3 $1 $11 {and White is okay.}) 36... dxc3 $19 37. Neg5 $2 (37. Ra3 Ncxb4 38. Nxc3 Nxc3 39. Rxc3) 37... Ndxb4 {[%mdl 64] [#] Double Attack. Black is clearly winning.} 38. Bxb5 Nxa6 39. Bxa6 e4 40. Nh2 Nb4 41. Bc4 c2 42. Rc1 e3 43. fxe3 Rxe3 {Strongly threatening ...Re1+.} 44. Nhf3 Rc3 {Accuracy: White = 37%, Black = 60%.} 0-1

[Event "84th ESP-ch 2019"]
[Site "Marbella"]
[Date "2019.11.20"]
[Round "5.8"]
[White "Perez Garcia, Alejandro"]
[Black "Santos Latasa, Jaime"]
[Result "0-1"]
[WhiteElo "2343"]
[BlackElo "2581"]
[Annotator "TA"]
[PlyCount "70"]
[EventDate "2019.11.16"]
[EventType "swiss"]
[EventCountry "ESP"]
[SourceTitle "playchess.com"]
[Source "ChessBase"]
[SourceQuality "1"]

{[%evp 20,98,0,14,1,-23,-18,-12,-10,-12,0,0,-5,-3,0,-5,-8,-10,0,-45,-42,-31,-40,-71,-71,-109,-109,-93,-29,-72,-72,-72,-72,-72,-72,-78,-64,-64,-64,-64,-62,-98,-98,-143,-142,-152,-173,-282,-216,-183,-162,-362,-353,-323,-303,-336,-345,-337,-332,-1026,-1030,-747,-679,-2708,-3579,-29972,-29973,-29993,-29994,-29994,-29995,-29995,-29996,-29996,-29991,-29991,-29992,-29992,-29993,-29998,-29999]} 1. Nf3 e6 2. c4 d5 3. g3 dxc4 4. Qa4+ Nd7 5. Bg2 a6 6. Qxc4 b5 7. Qc2 Bb7 8. O-O Ngf6 9. a4 c5 10. d3 Be7 11. Nc3 Bc6 {A13: English Opening: 1...e6} 12. axb5 (12. Nd2 Bxg2 13. Kxg2 O-O 14. Nf3 Qb6 15. axb5 axb5 16. Rxa8 Rxa8 17. Qb3 Ra5 18. Bd2 h6 19. Rc1 Kf8 20. Nb1 Ra8 21. Nc3 Ra5 22. Nb1 Ra8 23. Nc3 Ra5 {½-½ (23) Laznicka,V (2658)-Vallejo Pons,F (2687) Patras 2019}) 12... axb5 13. Rxa8 Qxa8 {The position is equal.} 14. Ne1 Nd5 (14... Bxg2 {with more complications.} 15. Nxg2 Qa6 16. Qb3 b4 17. Na4 O-O) 15. Nxd5 Bxd5 16. Bxd5 $146 ({Predecessor:} 16. e4 Bc6 17. Qe2 O-O 18. Nc2 Re8 19. Be3 {0-1 (40) Teixeira,R (2234)-Santiago,Y (2422) Rio de Janeiro 2016}) 16... exd5 17. Nf3 O-O 18. Bg5 Bd6 19. e4 Re8 $36 {[%mdl 2048] White is under pressure.} 20. Re1 h6 {Threatens to win with ...dxe4.} 21. Bd2 dxe4 22. Rxe4 Rxe4 23. dxe4 Nf6 ({Better is} 23... c4 $1 $17 24. Nd4 Qa6) 24. Qd3 Nxe4 25. Qxb5 Nxg3 $1 {[%mdl 64] Discovered Attack} 26. hxg3 {Hoping for Qd3.} Qxf3 27. Be3 Qf5 28. Qc6 Bf8 29. Kg2 Qe5 30. Qc8 Qd5+ 31. Kh2 {[#]} c4 $1 32. Qb8 g5 33. Qb6 (33. Kg1 {was worth a try.}) 33... Bg7 34. Qb4 Kh7 35. Qb6 $2 (35. Bd2) 35... h5 {Played: Bg7-e5} 0-1

[Event "84th ESP-ch 2019"]
[Site "Marbella"]
[Date "2019.11.20"]
[Round "5.9"]
[White "Del Rio De Angelis, Salvador G."]
[Black "Guerra Rivera, Salvador"]
[Result "1-0"]
[WhiteElo "2502"]
[BlackElo "2334"]
[Annotator "TA"]
[PlyCount "51"]
[EventDate "2019.11.16"]
[EventType "swiss"]
[EventCountry "ESP"]
[SourceTitle "playchess.com"]
[Source "ChessBase"]
[SourceQuality "1"]

{[%evp 9,51,45,66,-13,-14,-23,12,11,15,-63,-54,-72,-83,-91,65,52,209,176,177,204,166,97,270,214,193,184,310,314,470,500,496,500,495,488,749,741,647,517,762,761,29985,29986,29992,29993]} 1. d4 d5 2. c4 dxc4 3. e4 Nf6 4. e5 Nd5 5. Bxc4 Bf5 6. Nc3 {D20: Queen's Gambit Accepted: 3 e3 and 3 e4} (6. Qb3 $14 e6 7. Qxb7) (6. Ne2 e6 7. Nbc3 Nb6 8. Bb5+ Nc6 9. Ng3 Bg6 10. h4 h5 11. Nge2 Bf5 12. Ng3 Bg6 13. Nge2 Bf5 14. Ng3 Bg6 {½-½ (14) Mamedyarov,S (2764)-So,W (2776) Saint Louis 2019}) 6... Nb4 $146 {...Nc2+ is the strong threat.} ({Predecessor:} 6... e6 7. Nxd5 exd5 8. Bb3 c5 9. dxc5 Nc6 10. Nf3 Bxc5 11. O-O O-O 12. Qxd5 Qb6 13. Bg5 {½-½ (46) Gajewski,G (2613)-Tomczak,J (2631) Warsaw 2019}) 7. Bb3 e6 8. Nf3 {The position is equal.} Nd3+ 9. Ke2 (9. Kf1 $11) 9... Nc6 $15 10. Be3 Nxb2 11. Qd2 Nd3 $2 (11... Bd3+ $17 12. Ke1 Ba3) 12. Bc2 $14 Ndb4 $2 ({Better is} 12... Ncb4 $14 13. Bb1 c6) 13. Bxf5 $18 exf5 14. d5 Na5 {[#]} 15. Rab1 (15. Rhd1 $1 $18) 15... Qd7 $2 (15... Nc4 $16 {was worth a try.} 16. Qd4 Na3) 16. Rhd1 Nc4 17. Qc1 b6 {[#]} (17... a5 $142 18. Kf1 Rc8) 18. d6 $1 {[%mdl 512]} Na6 (18... c5 {is a better defense.} 19. a3 Nc6) (18... cxd6 19. Rxb4) 19. Nb5 Nxe3 20. Qxe3 ({Weaker is} 20. Kxe3 cxd6 21. exd6 (21. Nxd6+ Bxd6 22. Rxd6 Qb7 $15) 21... Qe6+ 22. Kd2 Rc8 $14) 20... c6 21. Qa3 Nc7 (21... Qb7 $142 22. d7+ Qxd7) 22. Nxc7+ Qxc7 23. Kf1 O-O-O 24. Rbc1 ({Inferior is} 24. dxc7 Rxd1+ 25. Rxd1 Bxa3 $17) 24... Qd7 25. Nd4 c5 {[#]} 26. Rxc5+ $1 {[%mdl 512] Accuracy: White = 70%, Black = 24%.} 1-0

[Event "84th ESP-ch 2019"]
[Site "Marbella"]
[Date "2019.11.20"]
[Round "5.10"]
[White "Larino Nieto, David"]
[Black "Rahal, Michael A"]
[Result "0-1"]
[WhiteElo "2473"]
[BlackElo "2309"]
[Annotator "TA"]
[PlyCount "168"]
[EventDate "2019.11.16"]
[EventType "swiss"]
[EventCountry "ESP"]
[SourceTitle "playchess.com"]
[Source "ChessBase"]
[SourceQuality "1"]

{[%evp 9,168,13,12,9,16,14,11,14,19,0,4,15,4,17,13,-7,0,-126,-121,-114,-128,-110,-126,-125,-119,-120,-53,-60,0,-75,-14,-28,-17,-61,0,0,0,0,0,0,0,0,0,0,0,0,0,0,0,0,0,0,0,0,0,-246,-257,-246,0,0,0,0,0,0,0,0,0,0,0,0,0,0,0,0,0,0,0,0,0,0,0,0,0,0,0,0,0,0,0,-71,-83,-83,0,0,0,0,0,-39,-91,-226,-41,-323,-271,-307,-269,-263,-191,-212,0,0,0,-29968,-29969,-29965,0,0,0,-12827,-2731,-29973,0,0,0,-29973,-29973,-29974,-29975,-29974,-29975,-29973,-29970,-29981,-29979,-29978,-29979,-29980,-29981,-29981,-29982,-29984,-29985,-29985,-29986,-29986,-29987,-29986,-29987,-29990,-29991,-29996,-29989,-29989,-29990,-29993,-29993,-29993,-29994,-29994,-29995,-29995,-29996]} 1. b3 d5 2. Bb2 c5 3. e3 a6 4. Nf3 Nc6 5. d4 cxd4 6. Nxd4 {A06: Réti Opening:1 Nf3 d5} Nf6 7. c4 (7. Nxc6 bxc6 8. Nd2 e6 9. Bd3 Be7 10. O-O O-O 11. c4 a5 12. Qc2 h6 13. Nf3 Ba6 {1-0 (91) Nakamura,H (2792)-Caruana,F (2807) Saint Louis 2017}) 7... e6 8. Nc3 {The position is equal.} Bd6 9. g3 $146 ({Predecessor:} 9. Be2 O-O 10. O-O Bc7 11. Ba3 Re8 12. Nxc6 bxc6 13. Qc2 e5 14. Rac1 Bd6 15. Qb2 {0-1 (36) Gajewski,G (2613)-Gumularz,S (2483) Warsaw 2019}) 9... Nxd4 10. Qxd4 {[%cal Rc4d5]} e5 11. Qd2 dxc4 12. O-O-O Be7 13. Qc2 (13. Bxc4 $11 Bg4 14. Qxd8+ Bxd8 15. Be2) 13... Qa5 $1 $17 14. Bxc4 Bg4 15. Nd5 Bxd1 16. Rxd1 Nxd5 17. Rxd5 {[%mdl 64] Double Attack} Qe1+ (17... b5 $1 $17 {White must now prevent ...0-0.} 18. Bxe5 O-O) 18. Rd1 $15 Qa5 (18... Qb4 $1 $15) 19. Bc3 (19. Rd5 $11 b5 20. Bxe5) 19... Qa3+ (19... Qc7 $17 20. Qf5 Bf6) 20. Kb1 $11 O-O 21. Qf5 Rad8 (21... Qc5 $15) 22. Bd3 {[%csl Gd3][%cal Rf5h7]} g6 23. Qxe5 {[%csl Gc3][%cal Re5h8]} f6 24. Qe4 b5 25. h4 Qc5 26. Bd4 Qd6 27. Bb2 Rf7 $36 {[%mdl 2048] Black has some pressure.} 28. Bc2 f5 29. Qh1 Qc5 30. Rxd8+ Bxd8 {[#]} 31. b4 $1 {[%mdl 512]} Qxb4 32. Qd1 $2 (32. h5 $11 g5 33. Qa8 Qe1+ 34. Bc1 Qb4+ 35. Bb2 Qe1+ 36. Bc1 Qb4+ 37. Bb2) 32... Bf6 $19 {[%csl Gf6][%cal Rb4b2]} 33. Bb3 {And now Bxf6 would win.} Qe4+ $2 (33... Kg7 $1 $19 34. a3 Qe4+ 35. Ka2 Rf8 36. Qd7+ Kh6) 34. Ka1 $11 {Bxf6 is the strong threat.} Bxb2+ (34... Qc6 {seems wilder.} 35. Bxf6 Qxf6+ 36. Kb1 Kg7 37. Bxf7 Kxf7 38. Qd7+ Qe7) 35. Kxb2 {[%mdl 4096] Endgame KQR-KQB} Qe5+ (35... Qb4 $6 36. Qd5 $1 $16 {[%mdl 512]}) 36. Kb1 Kg7 37. Bxf7 Kxf7 {KQ-KQ} 38. Qd7+ Qe7 39. Qd5+ Qe6 40. Qb7+ Kf6 41. Qxh7 Qe4+ 42. Kc1 Qc4+ 43. Kd2 Qxa2+ 44. Ke1 Qb1+ 45. Ke2 Qc2+ 46. Kf1 b4 47. Qh8+ Kf7 48. Qh7+ Kf6 49. h5 (49. Qh8+ $11 {remains equal.} Kf7 50. Qh7+ Kf6) 49... Qd1+ $17 50. Kg2 gxh5 ({But not} 50... Qxh5 $6 51. Qg8 $11) (50... Qd5+ $1 $17 51. Kg1 gxh5) 51. Qh6+ $11 Kf7 52. Qxa6 Qd5+ 53. Kh2 b3 54. Qa7+ (54. Qb6 $17) 54... Kf6 $2 (54... Ke6 $1 $19 55. Qb6+ Kd7) 55. Qh7 $2 {[%mdl 8192]} (55. Qb8 $15) 55... Qb5 $19 {aiming for ...b2.} 56. Qh8+ Ke6 {Hoping for ...b2.} 57. Qh6+ Kd7 {Strongly threatening ...b2.} 58. Qxh5 b2 $2 (58... Qd3 $19 59. Kg1 Kc6) 59. Qf7+ $11 Kc8 (59... Kc6 $5 60. Qf6+ $8 Kb7 61. Qe7+ Kb6 62. Qd6+ Kb7 63. Qe7+ Kc8 64. Qe6+ Kd8 65. Qd6+ Kc8 66. Qe6+ Kd8 67. Qd6+ Ke8 68. Qe6+ Kd8 $11) 60. Qg8+ $2 {[%mdl 8192]} (60. Qf8+ $11 Kb7 61. Qe7+ Kb6 62. Qd6+ Kb7 63. Qe7+ Kc8 64. Qf8+ Kc7 65. Qe7+ Kb6 66. Qd6+ Kb7 67. Qe7+) 60... Kb7 61. Qf7+ Kc6 $2 (61... Kb6 {mates} 62. Qf6+ Ka5 63. Qc3+ Qb4 64. Qc7+ Ka4 65. Qc2+ Ka3 66. Qd3+ Ka2 67. Qe2 Ka1 68. Qa6+ Kb1 69. Qc6 Qb3 70. Kh3 Qc2 $1 {[%mdl 512]} 71. Qh1+ Qc1 72. Qg2 Qc8 73. Qd5 Kc1 74. Kh4 Qh8+ 75. Kg5 b1=Q 76. Qc4+ Kd2 77. Qd4+ Qxd4 78. exd4 Qe4 79. d5 Qxd5 80. Kg6 Ke2 81. f4 Qe6+ 82. Kg7 Kf3 83. Kf8 Kxg3 84. Kg7 Qe8 85. Kh6 Qf7 86. Kg5 Qe6 87. Kh5 Kxf4 88. Kh4 Qh6#) 62. Qf6+ $1 Kb7 $2 {[%mdl 8192]} (62... Kc5 $11 63. Qd4+ Kc6 64. Qf6+ Kd7 65. Qf7+ Kc8 66. Qf8+ Kc7 67. Qe7+ Kb8 68. Qd6+ Kc8 69. Qf8+ Kb7 70. Qe7+ Kc8 71. Qf8+) 63. Qf7+ $19 {[#]} Kb6 $1 64. Qe6+ Ka5 65. Qa2+ Kb6 66. Qe6+ $1 {[#]} Kc5 $1 {Black mates.} 67. Qxf5+ Kb4 68. Qc2 Ka3 69. Qc3+ Ka2 70. Qd2 Qh5+ 71. Kg2 Qc5 72. Qe2 Qc6+ 73. e4 Ka1 74. Qe1+ b1=Q 75. Qa5+ Kb2 76. Qd2+ Kb3 77. Qe3+ Kc4 78. f3 Qc2+ 79. Kh3 Qc5 {[%cal Rc5h5]} 80. Qh6 Kd3 81. f4 Kxe4 82. Qe6+ Kf3 {[%cal Rc5h5]} 83. Qg4+ Kf2 84. Qh4 Kg1 {Accuracy: White = 60%, Black = 58%.} 0-1

[Event "84th ESP-ch 2019"]
[Site "Marbella"]
[Date "2019.11.20"]
[Round "5.11"]
[White "Diaz Camallonga, Carles"]
[Black "Moral Garcia, Serafin"]
[Result "1-0"]
[WhiteElo "2465"]
[BlackElo "2267"]
[Annotator "ChessBase"]
[PlyCount "95"]
[EventDate "2019.11.16"]
[EventType "swiss"]
[EventCountry "ESP"]
[SourceTitle "playchess.com"]
[Source "ChessBase"]
[SourceQuality "1"]
[TimeControl "5400+30"]

1. e4 {[%emt 0:00:00]} c5 {[%emt 0:00:00]} 2. Nf3 {[%emt 0:00:00]} g6 {[%emt 0:00:26]} 3. c4 {[%emt 0:00:00]} Bg7 {[%emt 0:00:05]} 4. d4 {[%emt 0:00:00]} cxd4 {[%emt 0:00:19]} 5. Nxd4 {[%emt 0:00:00]} Nc6 {[%emt 0:00:42]} 6. Be3 {[%emt 0:00:03]} Nf6 {[%emt 0:00:35]} 7. Nc3 {[%emt 0:00:04]} Ng4 {[%emt 0:00:45]} 8. Qxg4 {[%emt 0:00:06]} Nxd4 {[%emt 0:00:04]} 9. Qd1 {[%emt 0:00:07]} e5 {[%emt 0:01:05]} 10. Bd3 {[%emt 0:00:59]} d6 {[%emt 0:01:22]} 11. O-O {[%emt 0:00:49]} O-O {[%emt 0:01:01]} 12. Ne2 {[%emt 0:04:08]} Nc6 {[%emt 0:04:04]} 13. Qd2 {[%emt 0:02:43]} Be6 {[%emt 0:04:38]} 14. Rac1 {[%emt 0:01:21]} f5 {[%emt 0:03:29]} 15. f4 {[%emt 0:03:20]} Qd7 {[%emt 0:05:23]} 16. b3 {[%emt 0:05:14]} Kh8 {[%emt 0:03:25]} 17. Ng3 {[%emt 0:02:14]} fxe4 {[%emt 0:06:27]} 18. Bxe4 {[%emt 0:02:23]} Rad8 {[%emt 0:04:21]} 19. fxe5 {[%emt 0:04:08]} Bxe5 {[%emt 0:00:41]} 20. Bxc6 {[%emt 0:05:53]} bxc6 {[%emt 0:02:19]} 21. Bd4 {[%emt 0:00:25]} Bf5 {[%emt 0:08:04]} 22. Bxe5+ {[%emt 0:06:50]} dxe5 {[%emt 0:00:05]} 23. Qxd7 {[%emt 0:00:05]} Rxd7 {[%emt 0:00:08]} 24. Rce1 {[%emt 0:00:03]} Rd2 {[%emt 0:03:51]} 25. Rxe5 {[%emt 0:27:01]} Rxa2 {[%emt 0:00:25]} 26. Nxf5 {[%emt 0:00:05]} Rxf5 {[%emt 0:00:57]} 27. Rfxf5 {[%emt 0:00:17]} gxf5 {[%emt 0:00:06]} 28. Rxf5 {[%emt 0:01:14]} Rb2 {[%emt 0:00:17]} 29. Rf8+ {[%emt 0:01:33]} Kg7 {[%emt 0:00:05]} 30. Ra8 {[%emt 0:01:04]} Ra2 {[%emt 0:02:07]} 31. Rc8 {[%emt 0:00:34]} Ra6 {[%emt 0:00:08]} 32. Rc7+ {[%emt 0:02:36]} Kg6 {[%emt 0:00:14]} 33. Kf2 {[%emt 0:00:18]} h5 {[%emt 0:02:03]} 34. Ke3 {[%emt 0:00:52]} Rb6 {[%emt 0:01:53]} 35. Kd4 {[%emt 0:01:47]} Rxb3 {[%emt 0:00:51]} 36. Rxc6+ {[%emt 0:00:13]} Kf5 {[%emt 0:00:13]} 37. Rc5+ {[%emt 0:01:13]} Kg4 {[%emt 0:00:04]} 38. Ra5 {[%emt 0:00:19]} Rb7 {[%emt 0:02:27]} 39. c5 {[%emt 0:00:26]} Rd7+ {[%emt 0:00:27]} 40. Ke5 {[%emt 0:00:06]} Rd2 {[%emt 0:00:09]} 41. Rxa7 {[%emt 0:00:12]} Kh4 {[%emt 0:00:13]} 42. Ra4+ {[%emt 0:00:54]} Kg5 {[%emt 0:00:06]} 43. c6 {[%emt 0:01:11]} Rxg2 {[%emt 0:00:07]} 44. h4+ {[%emt 0:00:36]} Kg6 {[%emt 0:00:01]} 45. Rc4 {[%emt 0:00:24]} Re2+ {[%emt 0:00:05]} 46. Kd6 {[%emt 0:00:06]} Kf5 {[%emt 0:00:07]} 47. c7 {[%emt 0:00:07]} Re8 {[%emt 0:00:04]} 48. Kd7 {[%emt 0:00:03]} 1-0